| 000 | 00399nam a2200157Ia 4500 | ||
|---|---|---|---|
| 008 | 220803s9999 xx 000 0 und d | ||
| 020 | _a0-00-651265-8 | ||
| 041 | _aeng | ||
| 082 | _a823 SHE | ||
| 100 |
_aSheldon S _917954 |
||
| 245 | _aTell Me Your Dreams | ||
| 260 |
_aLondon _bHarper Collins Publishers _c1998 |
||
| 300 | _a354p | ||
| 500 | _aArchitecture | ||
| 650 |
_aEnglish Literature _917955 |
||
| 999 |
_c12559 _d12559 |
||